• 首页
  • 本馆介绍
  • 公告通知
  • 最新文献
  • 馆藏检索
  • 电子资源
  • 读者导购
  • 参考咨询
  • 我的图书馆
  • 登录
  • 详细信息显示
  • 放入我的书架
  • 预约/预借图书
  • 作者相关作品
  • 分类相关作品
  • 丛书相关作品
  • 出版社相关作品

书目信息

  • 表格格式
  • 工作单格式
  • 卡片格式
题名:
魏书生教育管理思想理论与实践
    
 
作者: 李建阁 , 王海军 , 于守魁 主编
分册:  
出版信息: 上海   华东师范大学出版社  2006
页数: 276页
开本: 21cm
丛书名:
单 册:
中图分类: G40-092.76
科图分类:
主题词: 教育思想
电子资源:
ISBN: 7-5617-5006-4
000 01054nam0 2200277 450
001 1255886734
005 20121005153203.57
010    @a7-5617-5006-4@dCNY22.00
100    @a20070327d2006 em y0chiy50 ea
101 0  @achi
102    @aCN@b310000
105    @ay z 000yy
200 1  @a魏书生教育管理思想理论与实践@Awei shu sheng jiao yu guan li si xiang li lun yu shi jian@f李建阁,王海军,于守魁主编
210    @a上海@c华东师范大学出版社@d2006
215    @a276页@d21cm
300    @a辽宁省“十一五”基础教育校长培训教材
330    @a本书从魏书生教育管理思想的实质与核心这条主线入手,对魏书生教育管理的理念、教育管理的原则、教育管理的策略、教育管理的途径以及魏书生教育管理的心态等方面进行了详细的阐述。
600  0 @a魏书生@f(1950~)@x教育思想@x干部教育@j教材
600  0 @a魏书生@f(1950~)
606 0  @a教育思想
690    @aG40-092.76@v4
701  0 @a李建阁@Ali jian ge@4主编
701  0 @a王海军@Awang hai jun@c(教育研究)@4主编
701  0 @a于守魁@Ayu shou kui@4主编
801  0 @aCN@bNLC@c20101222
905    @a10447@dG40-092.76@eJY441
    
    魏书生教育管理思想理论与实践/李建阁,王海军,于守魁主编.-上海:华东师范大学出版社,2006
    276页;21cm
    辽宁省“十一五”基础教育校长培训教材
    
    ISBN 7-5617-5006-4:CNY22.00
    本书从魏书生教育管理思想的实质与核心这条主线入手,对魏书生教育管理的理念、教育管理的原则、教育管理的策略、教育管理的途径以及魏书生教育管理的心态等方面进行了详细的阐述。
●
相关链接 在E读中查询图书 在五车中查询图书 在当当中查询图书 在豆瓣中查询图书


正题名:魏书生教育管理思想理论与实践     索取号:G40-092.76/JY441         预约/预借

序号 登录号 条形码 馆藏地/架位号 状态 备注
1 7806165   278061650   学院路分馆/ [索取号:G40-092.76/JY441] 在馆    
2 7806166   278061669   学院路分馆/ [索取号:G40-092.76/JY441] 在馆    
唐山师范学院图书馆 欢迎您!
大连网信软件有限公司© 版权所有